| 000 | 01889cam a2200385 i 4500 | ||
|---|---|---|---|
| 999 |
_c670 _d670 |
||
| 001 | 18767725 | ||
| 003 | GZU | ||
| 005 | 20200910102421.0 | ||
| 008 | 150902s2015 sa a bf 001 0 eng d | ||
| 010 | _a 2015466312 | ||
| 020 | _a9780702186479 | ||
| 020 | _a0702186473 | ||
| 035 | _a(OCoLC)ocn914469504 | ||
| 040 |
_aZ5F _beng _cZ5F _erda _dOI@ _dOCLCF _dOCLCQ _dHVL _dDLC |
||
| 042 | _alccopycat | ||
| 043 | _af-sa---- | ||
| 050 | 0 | 0 |
_aHV8073 _b.F574 2015 |
| 082 | 0 | 4 |
_a345.68052 _223 |
| 245 | 0 | 0 |
_aForensic investigation : _blegislative principles and investigative practice / _cRudolph Zinn & Setlhomamaru Dintwe (editors). |
| 264 | 0 |
_aCape Town, South Africa : _bJuta, _c2015. |
|
| 300 |
_axxxviii, 499 pages : _bcolour illustrations ; _c26 cm |
||
| 336 |
_atext _btxt _2rdacontent |
||
| 337 |
_aunmediated _bn _2rdamedia |
||
| 338 |
_avolume _bnc _2rdacarrier |
||
| 504 | _aIncludes bibliographical references and index. | ||
| 505 | 0 | _aForensic investigation of crime, irregularities and transgressions -- Principles of investigation -- Medico-legal evidence -- Serological evidence and DNA analysis -- Imprint evidence and other specialities -- The preliminary investigation phase -- The further investigation phase -- The judicial phase of investigation -- Criminal investigative analysis: an applied perspective -- Forensic geography -- Digital forensics and cybercrime -- Developments in forensic technology. | |
| 650 | 0 |
_aForensic sciences _zSouth Africa _vHandbooks, manuals, etc. |
|
| 650 | 0 |
_aCriminal investigation _zSouth Africa _vHandbooks, manuals, etc. |
|
| 700 | 1 |
_aZinn, Rudolph, _eeditor. |
|
| 700 | 1 | _aDintwe, Setlhomamaru Isaac. | |
| 906 |
_a7 _bcbc _ccopycat _d3 _encip _f20 _gy-gencatlg |
||
| 942 |
_2lcc _cBK _h8073 _iFOR _kHV _m2015 |
||